The army officer's manual /

Bibliographic Details
Main Author: Azoy, Anastasio Carlos Mariano, 1891-
Format: Book
Language:English
Published: New York : Appleton-Century co., 1942.
Subjects:

MARC

Tag First Indicator Second Indicator Subfields
LEADER 00000cam a2200000 4500
001 in00000053879
005 20151008050908.0
008 750813s1942 nyu b 00000 eng u
010 |a  42022496  
035 |a (OCoLC)01543747 
035 |9 AAG4117AM 
040 |c TLM  |d TXA  |d UtOrBLW 
049 |a TXAS [mil] 
050 0 0 |a U133  |b .A78 1942a 
082 0 |a 355.0973 
092 |a 355  |b A996a 
100 1 |a Azoy, Anastasio Carlos Mariano,  |d 1891- 
245 1 4 |a The army officer's manual /  |c A.C.M. Azoy. 
264 1 |a New York :  |b Appleton-Century co.,  |c 1942. 
300 |a  x, 366 pages :  |b illustrations ;  |c 28 cm. 
336 |a text  |b txt  |2 rdacontent 
337 |a unmediated  |b n  |2 rdamedia 
338 |a volume  |b nc  |2 rdacarrier 
504 |a Service bibliography: pages 346-348. 
610 1 0 |a United States.  |b Army  |v Officers' handbooks. 
999 |a MARS 
999 f f |s e616f9e3-a9f5-3187-b39b-b0774f9c9049  |i bfadcec8-66bc-3ff8-b97e-894333850b93  |t 0 
952 f f |p noncirc  |a Texas A&M University  |b College Station  |c Cushing Memorial Library & Archives  |d Cushing: Ragan Military (Does not check out)  |t 0  |e U133 .A78 1942a  |h Library of Congress classification  |i unmediated -- volume 
998 f f |a U133 .A78 1942a  |t 0  |l Cushing: Ragan Military (Does not check out)